Self-sufficient surveillance system (Record no. 13610)
[ view plain ]
| 000 -LEADER | |
|---|---|
| fixed length control field | 00481nam a22001577a 4500 |
| 082 ## - DEWEY DECIMAL CLASSIFICATION NUMBER | |
| Classification number | BEE-4 SHA |
| 100 ## - MAIN ENTRY--PERSONAL NAME | |
| Personal name | Muhammad Salman Shahid |
| 9 (RLIN) | 92257 |
| 245 ## - TITLE STATEMENT | |
| Title | Self-sufficient surveillance system |
| 260 ## - PUBLICATION, DISTRIBUTION, ETC. | |
| Place of publication, distribution, etc. | Islamabad |
| Name of publisher, distributor, etc. | NUST-SEECS |
| Date of publication, distribution, etc. | 2016 |
| 300 ## - PHYSICAL DESCRIPTION | |
| Extent | 56p. |
| Other physical details | 27cm. |
| Accompanying material | Soft copy Available |
| 500 ## - GENERAL NOTE | |
| General note | Only Softcopy available |
| 700 ## - ADDED ENTRY--PERSONAL NAME | |
| Personal name | Muhammad Usman Ashraf |
| 9 (RLIN) | 92258 |
| 700 ## - ADDED ENTRY--PERSONAL NAME | |
| Personal name | Ali Khan |
| 9 (RLIN) | 48563 |
| 856 ## - ELECTRONIC LOCATION AND ACCESS | |
| Uniform Resource Identifier | <a href="http://10.250.8.41:8080/xmlui/handle/123456789/9688">http://10.250.8.41:8080/xmlui/handle/123456789/9688</a> |
| 942 ## - ADDED ENTRY ELEMENTS (KOHA) | |
| Koha item type | Project Report |
| Source of classification or shelving scheme | |
| Withdrawn status | Lost status | Damaged status | Not for loan | Collection code | Permanent Location | Current Location | Shelving location | Date acquired | Source of acquisition | Full call number | Barcode | Date last seen | Price effective from | Koha item type |
|---|---|---|---|---|---|---|---|---|---|---|---|---|---|---|
| WITHDRAWN | Central Library (CL) | Central Library (CL) | General Stacks | 07/22/2016 | NUST-SEECS | BEE-4 SHA | SEECSP01899 | 07/22/2016 | 01/05/2017 | Project Report |
